Largest Cities in Asia Beginning With 'M' - Statistics

General Stats
  • This quiz has been taken 232 times
  • The average score is 12 of 20
Answer Stats
# Population Country Answer % Correct
1 26,700,000 Philippines Manila
99%
2 26,600,000 India Mumbai
99%
5 2,325,000 Saudi Arabia Mecca
98%
16 1,470,000 Oman Muscat
90%
11 1,690,00 Saudi Arabia Medina
89%
14 1,550,000 Bahrain Manama
88%
4 3,350,000 Iran Mashhad
81%
3 4,150,000 Indonesia Medan
81%
11 1,690,000 Myanmar Mandalay
76%
15 1,490,000 Iraq Mosul
76%
6 2,275,000 Pakistan Multān
58%
9 1,770,000 Indonesia Makassar
48%
20 1,040,000 Turkey Mersin
32%
8 1,850,000 India Meerut
31%
19 1,310,000 India Mysore
31%
7 1,890,000 India Madurai
27%
10 1,740,000 Indonesia Malang
24%
18 1,380,000 India Moradabad
19%
17 1,380,000 China Maoming
17%
13 1,680,000 China Mianyang
12%
No matching quizzes found
Score Distribution
Percent of People with Each Score
Percentile by Number Answered
Your Score History
You have not taken this quiz